[Event "New Zealand Open"]
[Site "Devonport, Auckland NZL"]
[Date "2016.01.08"]
[EventDate "2016.01.02"]
[Round "7.15"]
[Result "1/2-1/2"]
[White "Alphaeus Wei Ern Ang"]
[Black "Robert Wayne Smith"]
[WhiteElo "2136"]
[BlackElo "2208"]
[PlyCount "149"]

1. d4 Nf6 2. c4 g6 3. Nc3 Bg7 4. e4 d6 5. Nf3 O-O 6. Be2 Na6
7. O-O e5 8. Be3 Ng4 9. Bg5 Qe8 10. d5 h6 11. Bd2 f5 12. Ne1
Nf6 13. f3 fxe4 14. Nxe4 Nxe4 15. fxe4 Nc5 16. Rxf8+ Bxf8
17. Qc2 a5 18. Nf3 Bg7 19. Rf1 Bd7 20. Be3 b6 21. Nd2 Qe7
22. Bxc5 bxc5 23. Qc3 a4 24. Qg3 Kh7 25. Bg4 Be8 26. Be6 Rb8
27. b3 axb3 28. axb3 Ra8 29. Qc3 c6 30. Ra1 Rxa1+ 31. Qxa1 h5
32. Nf3 cxd5 33. Bxd5 g5 34. g3 Bf6 35. Qa8 Qd8 36. Qxd8 Bxd8
37. Ne1 Bd7 38. Nc2 Kg6 39. Ne3 Ba5 40. Kf2 Bd2 41. h4 Ba5
42. hxg5 Kxg5 43. Ng2 Bd8 44. Nh4 Kg4 45. Nf3 h4 46. gxh4
Bxh4+ 47. Ke2 Bd8 48. Ne1 Kg3 49. Nc2 Bg4+ 50. Ke3 Bg5+
51. Kd3 Kf2 52. b4 cxb4 53. Nxb4 Be2+ 54. Kc3 Ke3 55. Nc2+ Kf4
56. Kd2 Kf3+ 57. Kc3 Bd8 58. Kb4 Bb6 59. Kb5 Bc5 60. Nb4 Kf4
61. Na6 Ba3 62. Kc6 Bd3 63. Nc7 Bxe4 64. Bxe4 Kxe4 65. Nb5 Bb4
66. Nxd6+ Kd4 67. Kd7 Bxd6 68. Kxd6 e4 69. c5 e3 70. c6 e2
71. c7 e1=Q 72. c8=Q Qe5+ 73. Kd7 Qf5+ 74. Kc7 Qxc8+ 75. Kxc8
1/2-1/2

[Event "New Zealand Open"]
[Site "Devonport, Auckland NZL"]
[Date "2016.01.08"]
[EventDate "2016.01.02"]
[Round "7.16"]
[Result "0-1"]
[White "Gino Thornton"]
[Black "Leo Zhang"]
[WhiteElo "2207"]
[BlackElo "2087"]
[PlyCount "72"]

1. d4 Nf6 2. c4 g6 3. f3 d5 4. cxd5 Nxd5 5. e4 Nb6 6. Nc3 Bg7
7. Be3 Nc6 8. e5 Be6 9. Qc2 Bc4 10. Nh3 Bxf1 11. Kxf1 Nc4
12. Qf2 Nxe3+ 13. Qxe3 Qxd4 14. Qxd4 Nxd4 15. Re1 O-O-O
16. Ng5 Rdf8 17. Re4 h6 18. Rxd4 hxg5 19. Re4 Rh5 20. Ke2 Rd8
21. h3 g4 22. f4 gxh3 23. Rxh3 Rxh3 24. gxh3 Rh8 25. Re3 Rh4
26. Rf3 Bh6 27. Ke3 Kd7 28. Ne2 g5 29. Ke4 gxf4 30. Rd3+ Ke8
31. Rf3 e6 32. Nd4 Rh5 33. Rb3 f3 34. Nxf3 Rf5 35. Nd4 Rf4+
36. Kd3 c5 0-1

[Event "New Zealand Open"]
[Site "Devonport, Auckland NZL"]
[Date "2016.01.08"]
[EventDate "2016.01.02"]
[Round "7.17"]
[Result "1/2-1/2"]
[White "Nathan Goodhue"]
[Black "Tim Reilly"]
[WhiteElo "1990"]
[BlackElo "2203"]
[PlyCount "37"]

1. c4 g6 2. g3 Bg7 3. Bg2 e5 4. Nc3 d6 5. e4 Nc6 6. Nge2 f5
7. d3 Nf6 8. O-O O-O 9. f3 Be6 10. Nd5 Qd7 11. Be3 Rae8
12. Qd2 Nh5 13. exf5 gxf5 14. f4 Nd4 15. fxe5 dxe5 16. Bxd4
exd4 17. Nef4 Nxf4 18. Nxf4 Bh6 19. Rae1 1/2-1/2

[Event "New Zealand Open"]
[Site "Devonport, Auckland NZL"]
[Date "2016.01.08"]
[EventDate "2016.01.02"]
[Round "7.18"]
[Result "1-0"]
[White "Hans Gao"]
[Black "William Xiang Wei Li"]
[WhiteElo "2183"]
[BlackElo "2030"]
[PlyCount "55"]

1. e4 c5 2. Nf3 d6 3. d4 Nf6 4. Nc3 cxd4 5. Nxd4 a6 6. Be2 e6
7. O-O Be7 8. f4 Qc7 9. Kh1 Nc6 10. Be3 Bd7 11. Qe1 b5 12. a3
Rc8 13. Qg3 O-O 14. Rad1 Rfe8 15. Bf3 Bf8 16. e5 dxe5 17. fxe5
Qxe5 18. Bf4 Qc5 19. Nb3 Qa7 20. Bg5 Kh8 21. Bxc6 Bxc6
22. Rxf6 h6 23. Be3 Qa8 24. Rxf7 Re7 25. Rxe7 Bxe7 26. Bd4 Bf6
27. Bxf6 gxf6 28. Qg6 1-0

[Event "New Zealand Open"]
[Site "Devonport, Auckland NZL"]
[Date "2016.01.08"]
[EventDate "2016.01.02"]
[Round "7.19"]
[Result "0-1"]
[White "Matthew McNabb"]
[Black "Edward Rains"]
[WhiteElo "2083"]
[BlackElo "2016"]
[PlyCount "56"]

1. Nf3 Nf6 2. c4 g6 3. b4 Bg7 4. Bb2 O-O 5. d3 d6 6. Nbd2 c6
7. g3 Nbd7 8. Rb1 Re8 9. Bg2 e5 10. O-O h6 11. e3 Qe7 12. Nh4
Nf8 13. b5 cxb5 14. cxb5 g5 15. Nhf3 Be6 16. Qa4 N8d7 17. Ba3
Nb6 18. Qa5 Qd7 19. Rfc1 Bxa2 20. Rb2 Bd5 21. Rbc2 Rec8
22. Rxc8+ Rxc8 23. Qxa7 Rxc1+ 24. Bxc1 Qxb5 25. Qa3 Bf8
26. Bf1 Bc6 27. Qb3 Qxb3 28. Nxb3 Bxf3 0-1

[Event "New Zealand Open"]
[Site "Devonport, Auckland NZL"]
[Date "2016.01.08"]
[EventDate "2016.01.02"]
[Round "7.20"]
[Result "1-0"]
[White "Daniel Hanwen Gong"]
[Black "Paul Macdonald"]
[WhiteElo "2055"]
[BlackElo "1946"]
[PlyCount "71"]

1. e4 e5 2. Nf3 Nf6 3. Nxe5 d6 4. Nf3 Nxe4 5. Nc3 Nf6 6. d4 d5
7. Bg5 Be7 8. Bd3 Bg4 9. h3 Be6 10. O-O Nc6 11. Ne2 Qd7
12. Bb5 a6 13. Ne5 Qd6 14. Bxc6+ bxc6 15. Bf4 Qb4 16. Nxc6
Qxb2 17. Nxe7 Kxe7 18. Qd3 Qb5 19. Qa3+ Kd7 20. Ng3 Rhb8
21. Rab1 Qc6 22. Rb3 Rb5 23. Rc3 Qb6 24. Rxc7+ Qxc7 25. Bxc7
Kxc7 26. Qe7+ Kc6 27. f4 Ng8 28. Qa3 f5 29. Re1 Kd7 30. Qe3
Rb6 31. Qe5 Ne7 32. c4 dxc4 33. d5 Nxd5 34. Rd1 Rd6 35. Nxf5
Bxf5 36. Rxd5 1-0

[Event "New Zealand Open"]
[Site "Devonport, Auckland NZL"]
[Date "2016.01.08"]
[EventDate "2016.01.02"]
[Round "7.21"]
[Result "1-0"]
[White "Shenyue Li"]
[Black "Richard Taylor"]
[WhiteElo "2007"]
[BlackElo "1888"]
[PlyCount "75"]

1. f4 e5 2. fxe5 d6 3. exd6 Bxd6 4. Nf3 g5 5. d4 g4 6. Ng5 f5
7. d5 Nf6 8. Nc3 h6 9. Ne6 Bxe6 10. dxe6 c6 11. e4 Qc7
12. exf5 Bxh2 13. Be3 Bg3+ 14. Kd2 Na6 15. Bxa6 bxa6 16. Qe2
O-O-O+ 17. Kc1 Nd5 18. Nxd5 Rxd5 19. Qxa6+ Kb8 20. f6 Qe5
21. Bxa7+ Kc7 22. Qb6+ Kd6 23. Bb8+ Rxb8 24. Qxb8+ Kxe6
25. Qxe5+ Kxe5 26. Rh5+ Kxf6 27. Rxd5 cxd5 28. a4 h5 29. a5
Bf2 30. a6 Ba7 31. Kd2 h4 32. Rh1 Kg5 33. Ke2 d4 34. Rf1 g3
35. Kf3 Bc5 36. b4 Bb6 37. Ra1 Ba7 38. b5 1-0

[Event "New Zealand Open"]
[Site "Devonport, Auckland NZL"]
[Date "2016.01.08"]
[EventDate "2016.01.02"]
[Round "7.22"]
[Result "0-1"]
[White "Christopher Benson"]
[Black "Roger L Perry"]
[WhiteElo "1920"]
[BlackElo "2005"]
[PlyCount "96"]

1. c4 c5 2. Nc3 Nc6 3. g3 g6 4. Bg2 Bg7 5. e3 e5 6. Nge2 Nge7
7. O-O O-O 8. a3 d6 9. Rb1 a5 10. d3 Rb8 11. Nb5 d5 12. cxd5
Nxd5 13. Qc2 b6 14. Rd1 Nde7 15. b3 Bf5 16. Bb2 Qd7 17. Rd2
Rbd8 18. Rbd1 Rc8 19. Nbc3 Rfd8 20. Ne4 Be6 21. Ng5 Bf5
22. Qc4 Rf8 23. e4 Bg4 24. f3 h6 25. h3 hxg5 26. hxg4 Nd4
27. Bxd4 cxd4 28. Qa4 b5 29. Qxa5 Ra8 30. Qb4 Nc6 31. Qc5 Rfc8
32. Qc1 Bf8 33. Rc2 Bxa3 34. Qxg5 Be7 35. Qc1 Nb4 36. Rxc8+
Rxc8 37. Qb1 Rc2 38. Bf1 Qa7 39. Rc1 Ra2 40. Rc8+ Kg7 41. Nc1
Ra1 42. Qb2 Qd7 43. Qxa1 Qxc8 44. Na2 Qa6 45. Be2 Qxa2
46. Qxa2 Nxa2 47. Bd1 Bg5 48. Kf2 Nc3 0-1

[Event "New Zealand Open"]
[Site "Devonport, Auckland NZL"]
[Date "2016.01.08"]
[EventDate "2016.01.02"]
[Round "7.23"]
[Result "1/2-1/2"]
[White "Karl Kai Zhu"]
[Black "Leighton Nicholls"]
[WhiteElo "1996"]
[BlackElo "1910"]
[PlyCount "85"]

1. e4 e5 2. Nf3 Nc6 3. d4 exd4 4. Nxd4 Bc5 5. Be3 Qf6 6. c3
Nge7 7. Bc4 d6 8. O-O O-O 9. Nb5 Ne5 10. Bxc5 dxc5 11. Nxc7
Nxc4 12. Nxa8 Qc6 13. Qe2 Be6 14. f4 f6 15. b3 Nd6 16. e5 fxe5
17. Qxe5 Nf7 18. Qc7 Qe8 19. Re1 Nd5 20. Qxb7 Nd6 21. Qxa7 Qf7
22. Qxf7+ Bxf7 23. c4 Nb4 24. Re2 Rxa8 25. Nc3 Bg6 26. Nd5
Nxd5 27. cxd5 c4 28. bxc4 Nxc4 29. a4 Bf5 30. h3 h5 31. Kf2
Nb6 32. a5 Kf7 33. Re5 g6 34. Rc1 Rxa5 35. Rc3 Bd7 36. d6 Rxe5
37. fxe5 Ke6 38. Rc5 Nd5 39. Rc1 Kxe5 40. Re1+ Kxd6 41. Kg3 g5
42. h4 g4 43. Re2 1/2-1/2

[Event "New Zealand Open"]
[Site "Devonport, Auckland NZL"]
[Date "2016.01.08"]
[EventDate "2016.01.02"]
[Round "7.24"]
[Result "1/2-1/2"]
[White "Leo Zhu"]
[Black "Caroline Yan"]
[WhiteElo "1989"]
[BlackElo "1672"]
[PlyCount "123"]

1. e4 e6 2. d4 d5 3. Nc3 Nf6 4. e5 Nfd7 5. f4 a6 6. Nf3 c5
7. Be3 Nc6 8. Qd2 Qc7 9. O-O-O b5 10. g4 Bb7 11. Rg1 cxd4
12. Nxd4 Nxd4 13. Bxd4 Bc5 14. h4 Rc8 15. Bg2 Bxd4 16. Qxd4
Qc4 17. Qf2 b4 18. Rd4 Qc5 19. Nd1 a5 20. Re1 a4 21. Rd2 Qxf2
22. Rxf2 Nc5 23. Kb1 Ba6 24. Bf1 Bxf1 25. Rfxf1 Ne4 26. Rh1 b3
27. c3 Nd2+ 28. Ka1 Rc4 29. Re2 Ne4 30. Rh3 Nc5 31. Rf3 Ke7
32. Nf2 d4 33. a3 Rd8 34. Kb1 d3 35. Rd2 Ne4 36. Rd1 Nxf2
37. Rxf2 Re4 38. Kc1 Re3 39. Kd2 Rg3 40. g5 Rc8 41. Re1 Rc4
42. Re3 Rg4 43. Kxd3 Rgxf4 44. Rxf4 Rxf4 45. Re4 Rxe4 46. Kxe4
f6 47. exf6+ gxf6 48. gxf6+ Kxf6 49. c4 Ke7 50. Ke5 h6 51. c5
Kd7 52. c6+ Kxc6 53. Kxe6 Kc5 54. Ke5 Kc4 55. Ke4 h5 56. Ke3
Kd5 57. Kd3 Ke5 58. Ke3 Kf5 59. Kf3 Ke5 60. Ke3 Kf5 61. Kf3
Ke5 62. Ke3 1/2-1/2

[Event "New Zealand Open"]
[Site "Devonport, Auckland NZL"]
[Date "2016.01.08"]
[EventDate "2016.01.02"]
[Round "7.25"]
[Result "1-0"]
[White "Michael Klyszcz"]
[Black "Allen Chi Zhou Fan"]
[WhiteElo "1979"]
[BlackElo "1825"]
[PlyCount "71"]

1. f4 Nf6 2. Nf3 c5 3. e3 g6 4. Be2 Bg7 5. O-O O-O 6. d3 d5
7. Qe1 Nc6 8. Qh4 b5 9. Nbd2 c4 10. Ne5 Nb4 11. Bd1 cxd3
12. cxd3 Nd7 13. d4 Nxe5 14. fxe5 Bf5 15. Rf3 h5 16. Rxf5 gxf5
17. Nf3 Rc8 18. Qxh5 Rc6 19. a3 Nd3 20. Qxf5 Nxc1 21. Ng5 Rh6
22. Rxc1 e6 23. Qg4 Rg6 24. h4 Bh6 25. Qh3 Bxg5 26. hxg5 Qxg5
27. Rc7 Rh6 28. Qf3 Kh8 29. Rxa7 Qh4 30. Kf1 Qh1+ 31. Kf2 Rg8
32. Rxf7 Rxg2+ 33. Qxg2 Rh2 34. Rf8+ Kh7 35. Bc2+ Kh6 36. Rh8#
1-0

[Event "New Zealand Open"]
[Site "Devonport, Auckland NZL"]
[Date "2016.01.08"]
[EventDate "2016.01.02"]
[Round "7.26"]
[Result "0-1"]
[White "Hilton P Bennett"]
[Black "William F Forster"]
[WhiteElo "1958"]
[BlackElo "1975"]
[PlyCount "58"]

1. e4 e5 2. d4 exd4 3. Qxd4 Nc6 4. Qe3 g6 5. Nc3 Bg7 6. Bd2
Nf6 7. O-O-O O-O 8. Bc4 Re8 9. Qg3 Nxe4 10. Nxe4 Rxe4 11. Bd3
Ra4 12. Bg5 Qf8 13. Ne2 Bxb2+ 14. Kd2 Rxa2 15. Ke1 Be5 16. f4
Bg7 17. f5 d6 18. fxg6 hxg6 19. h4 Ra5 20. h5 Bf5 21. hxg6
Bxd3 22. cxd3 fxg6 23. Qh4 Qf7 24. g4 Ne5 25. Nd4 Nf3+
26. Nxf3 Qxf3 27. Qh7+ Kf8 28. Rf1 Bc3+ 29. Rd2 Re5+ 0-1

[Event "New Zealand Open"]
[Site "Devonport, Auckland NZL"]
[Date "2016.01.08"]
[EventDate "2016.01.02"]
[Round "7.27"]
[Result "1/2-1/2"]
[White "Sean Watharow"]
[Black "Stanley Yee"]
[WhiteElo "1913"]
[BlackElo "1975"]
[PlyCount "38"]

1. e4 c5 2. c3 Nf6 3. e5 Nd5 4. Nf3 Nc6 5. d4 cxd4 6. Bc4 Nb6
7. Bb3 dxc3 8. Nxc3 d6 9. Bf4 Bf5 10. exd6 exd6 11. O-O Be7
12. Nb5 Nc8 13. Nfd4 Nxd4 14. Qxd4 O-O 15. Rad1 Qd7 16. Nxd6
Nxd6 17. Bxd6 Bxd6 18. Qxd6 Qxd6 19. Rxd6 Rfd8 1/2-1/2

[Event "New Zealand Open"]
[Site "Devonport, Auckland NZL"]
[Date "2016.01.08"]
[EventDate "2016.01.02"]
[Round "7.28"]
[Result "0-1"]
[White "P Wayne Power"]
[Black "Philip I Hair"]
[WhiteElo "1889"]
[BlackElo "1932"]
[PlyCount "88"]

1. d4 Nf6 2. c4 d6 3. Nc3 c6 4. e4 e5 5. dxe5 dxe5 6. Qxd8+
Kxd8 7. Bg5 Bb4 8. O-O-O+ Kc7 9. Bd2 Bc5 10. f3 b6 11. Nge2
Be6 12. b3 Na6 13. Na4 Ba3+ 14. Kb1 Rhd8 15. Nec3 Nb4 16. f4
Bg4 17. Be2 Bxe2 18. Nxe2 Nxe4 19. Bxb4 Bxb4 20. fxe5 Bd2
21. Rhf1 Rd7 22. Kc2 Rad8 23. Nac3 Nxc3 24. Nxc3 Bxc3
25. Rxd7+ Rxd7 26. Kxc3 Kd8 27. Rf3 Ke7 28. Rg3 g6 29. Rf3 c5
30. g4 Rd4 31. h3 Re4 32. Kd3 Rxe5 33. h4 f5 34. gxf5 Rxf5
35. Re3+ Kf7 36. Re4 h6 37. Ke3 g5 38. hxg5 hxg5 39. a3 Kf6
40. b4 Re5 41. bxc5 bxc5 42. Kf3 Rxe4 43. Kxe4 Ke6 44. a4 a5
0-1

[Event "New Zealand Open"]
[Site "Devonport, Auckland NZL"]
[Date "2016.01.08"]
[EventDate "2016.01.02"]
[Round "7.29"]
[Result "0-1"]
[White "Alan Wolstencroft"]
[Black "Bernard Alan Carpinter"]
[WhiteElo "1796"]
[BlackElo "1928"]
[PlyCount "78"]

1. e4 e5 2. Nf3 Nc6 3. Bb5 a6 4. Ba4 d6 5. c3 f5 6. d3 Nf6
7. Nbd2 Be7 8. O-O fxe4 9. Nxe4 Be6 10. Nfg5 Bg8 11. Re1 d5
12. Nxf6+ gxf6 13. Qh5+ Kd7 14. Qg4+ Ke8 15. Qh5+ Kd7 16. Nf3
Be6 17. Bh6 Qg8 18. Nxe5+ fxe5 19. Bxc6+ bxc6 20. Qxe5 Bd6
21. Qf6 Be7 22. Qe5 Qg6 23. Qe3 Rhg8 24. g3 Rae8 25. Bf4 Bd6
26. Bxd6 Kxd6 27. Qf4+ Kd7 28. Re3 Bf5 29. Rae1 Rxe3 30. Rxe3
Rg7 31. Qe5 h5 32. c4 Be6 33. c5 Rh7 34. h4 Qf5 35. Qd4 Rf7
36. Re5 Qf3 37. Qe3 Qd1+ 38. Kg2 Bh3+ 39. Kh2 Qf1 0-1

[Event "New Zealand Open"]
[Site "Devonport, Auckland NZL"]
[Date "2016.01.08"]
[EventDate "2016.01.02"]
[Round "7.30"]
[Result "1-0"]
[White "L Ross Jackson"]
[Black "Jasmine Haomo Zhang"]
[WhiteElo "1884"]
[BlackElo "1674"]
[PlyCount "93"]

1. d4 d5 2. c4 e6 3. Nc3 c6 4. Nf3 dxc4 5. a4 Bb4 6. e3 b5
7. Bd2 Bxc3 8. Bxc3 Bb7 9. b3 cxb3 10. axb5 cxb5 11. Bxb5+ Nd7
12. Qxb3 Ngf6 13. Bb4 Bd5 14. Qa4 Bb7 15. O-O Nd5 16. Ne5 N5b6
17. Nxd7 Nxd7 18. Ba5 Qe7 19. Rab1 Be4 20. Rbc1 a6 21. Bc6
Bxc6 22. Rxc6 O-O 23. Bb4 Qe8 24. Bxf8 Nb8 25. Rc4 Qxa4
26. Rxa4 Kxf8 27. Rc1 Nd7 28. Rb4 Nf6 29. Rcb1 Nd7 30. Rb7 Ke8
31. Rc1 a5 32. Rcc7 a4 33. Rxd7 a3 34. Ra7 Rb8 35. Rab7 Rc8
36. g3 Kf8 37. Rxf7+ Ke8 38. Rxg7 Kf8 39. Rxh7 Kg8 40. Rbg7+
Kf8 41. Rh8+ Kxg7 42. Rxc8 a2 43. Ra8 Kg6 44. Rxa2 Kf5 45. f3
Kg6 46. Ra6 Kf7 47. e4 1-0

[Event "New Zealand Open"]
[Site "Devonport, Auckland NZL"]
[Date "2016.01.08"]
[EventDate "2016.01.02"]
[Round "7.31"]
[Result "1/2-1/2"]
[White "Joy Shu Yan Qin"]
[Black "Hikaru Oka"]
[WhiteElo "1685"]
[BlackElo "1449"]
[PlyCount "101"]

1. e4 e5 2. Nf3 Nc6 3. Bb5 a6 4. Ba4 Nf6 5. d3 b5 6. Bb3 d6
7. c3 Be7 8. O-O Bb7 9. Re1 O-O 10. Nbd2 Na5 11. Bc2 c5
12. Nf1 Re8 13. Ng3 g6 14. h3 Bf8 15. Qe2 h6 16. Be3 Nd7
17. Qd2 Kh7 18. Nh2 Nf6 19. f4 c4 20. d4 exd4 21. Bxd4 Nc6
22. Be3 d5 23. e5 Ng8 24. Rad1 Nce7 25. Rf1 Kh8 26. f5 g5
27. Ng4 Nc6 28. Rfe1 Nge7 29. Nf6 Nxe5 30. Nxe8 Qxe8 31. Bxg5
hxg5 32. Rxe5 Bg7 33. Re2 d4 34. cxd4 Rd8 35. Qxg5 Bxd4+
36. Kh1 f6 37. Rxd4 fxg5 38. Rxd8 Qxd8 39. f6 Nd5 40. f7 Nc7
41. Re8+ Qxe8 42. fxe8=Q+ Nxe8 43. Kg1 Kg7 44. Kf2 Nd6 45. Ne2
Kf6 46. g3 Bc8 47. g4 Bb7 48. a3 Ke5 49. Ke3 Ne8 50. Ng1 Nc7
51. Ne2 1/2-1/2

[Event "New Zealand Open"]
[Site "Devonport, Auckland NZL"]
[Date "2016.01.08"]
[EventDate "2016.01.02"]
[Round "7.32"]
[Result "0-1"]
[White "Louie Wei"]
[Black "Vyanla M Punsalan"]
[WhiteElo "1669"]
[BlackElo "1356"]
[PlyCount "130"]

1. d4 d5 2. f4 Nf6 3. Nf3 Bf5 4. e3 Nbd7 5. Bd3 Bxd3 6. Qxd3
e6 7. c3 c5 8. O-O c4 9. Qc2 Ne4 10. Nbd2 Ndf6 11. Ne5 Bd6
12. Nxe4 Nxe4 13. Nxc4 O-O 14. Nd2 f5 15. Nf3 Rf6 16. Bd2 Rc8
17. Be1 Rh6 18. Qe2 g5 19. Nd2 Qc7 20. Nxe4 dxe4 21. Bg3 gxf4
22. Bxf4 Bxf4 23. exf4 Qb6 24. Qc2 Qxd4+ 25. Qf2 Qxf2+
26. Rxf2 Rd8 27. Rff1 Rg6 28. Rad1 Rxd1 29. Rxd1 Rg7 30. Kf2
Kf8 31. Rd6 Ke7 32. Rd4 Rg8 33. Rb4 b6 34. Ra4 a5 35. Rc4 Rd8
36. Rc6 Rd2+ 37. Ke3 Rxb2 38. Rc7+ Kd6 39. Rxh7 Rxa2 40. Rb7
Kc6 41. Re7 Kd6 42. Rb7 Rxg2 43. Rxb6+ Ke7 44. Ra6 Rxh2
45. Rxa5 Rh3+ 46. Kd2 Rd3+ 47. Kc2 Rd5 48. Ra1 Rd3 49. Rf1 Kd6
50. Kb3 Kc5 51. Rf2 Rf3 52. Ra2 Rxf4 53. Ra5+ Kb6 54. Re5 Kc7
55. Rxe6 Kd7 56. Ra6 e3 57. Ra7+ Ke6 58. Kc2 Rf2+ 59. Kd3 f4
60. Ra8 Kf5 61. c4 Rd2+ 62. Kc3 Ke4 63. Re8+ Kf3 64. Rh8 Rd1
65. Rh2 e2 0-1

[Event "New Zealand Open"]
[Site "Devonport, Auckland NZL"]
[Date "2016.01.09"]
[EventDate "2016.01.02"]
[Round "8.1"]
[Result "1/2-1/2"]
[White "Qun Ma"]
[Black "Gawain Jones"]
[WhiteElo "2606"]
[BlackElo "2625"]
[PlyCount "93"]

1. e4 c5 2. Nf3 d6 3. d4 cxd4 4. Nxd4 Nf6 5. Nc3 g6 6. Be3 Bg7
7. f3 Nc6 8. Bc4 O-O 9. Qd2 Bd7 10. O-O-O Rc8 11. Bb3 Nxd4
12. Bxd4 b5 13. Nd5 Nxd5 14. Bxg7 Kxg7 15. exd5 a5 16. a3 Kg8
17. Rhe1 Rc5 18. Re3 b4 19. axb4 axb4 20. Qxb4 Qa8 21. Bc4 Bf5
22. Ra3 Qc8 23. b3 Qc7 24. Qd2 Rc8 25. Qd4 e5 26. dxe6 d5
27. exf7+ Qxf7 28. g4 Bxc2 29. Kxc2 Rxc4+ 30. bxc4 Rxc4+
31. Qxc4 dxc4 32. h3 Kg7 33. Rd4 Qe7 34. Rc3 Qe2+ 35. Rd2 Qe6
36. Ra3 Kh6 37. h4 Qe7 38. Rc3 Qxh4 39. Rxc4 Qg3 40. Rd3 Qf2+
41. Kc3 Qe1+ 42. Kd4 Kg5 43. Re3 Qa1+ 44. Ke4 Qb1+ 45. Rd3
Qe1+ 46. Re3 Qb1+ 47. Rd3 1/2-1/2

[Event "New Zealand Open"]
[Site "Devonport, Auckland NZL"]
[Date "2016.01.09"]
[EventDate "2016.01.02"]
[Round "8.2"]
[Result "1/2-1/2"]
[White "Alexandr Hilario Takeda dos Santos Fier"]
[Black "Nigel Short"]
[WhiteElo "2607"]
[BlackElo "2684"]
[PlyCount "74"]

1. d4 Nf6 2. c4 e6 3. Nc3 Bb4 4. e3 b6 5. Nge2 Ne4 6. Qc2 Bb7
7. f3 Nxc3 8. bxc3 Be7 9. e4 Nc6 10. Ng3 Ba6 11. Bd3 Na5
12. Qe2 d6 13. Be3 Qd7 14. Nf1 O-O 15. Nd2 f5 16. O-O f4
17. Bf2 e5 18. Nb3 c5 19. Nxa5 bxa5 20. Qb2 Qc7 21. dxe5 dxe5
22. Rfd1 Rab8 23. Qa3 Rfd8 24. Bf1 Rxd1 25. Rxd1 Bc8 26. g3
Be6 27. g4 g5 28. Kg2 Kf7 29. Be2 h5 30. h3 Qb6 31. Rd2 hxg4
32. hxg4 Kf6 33. Bf1 a6 34. Qa4 Qc7 35. Bd3 Bd6 36. Kf1 Ke7
37. Ke2 Kf7 1/2-1/2

[Event "New Zealand Open"]
[Site "Devonport, Auckland NZL"]
[Date "2016.01.09"]
[EventDate "2016.01.02"]
[Round "8.3"]
[Result "1-0"]
[White "Ju Wenjun"]
[Black "Thorben Koop"]
[WhiteElo "2548"]
[BlackElo "2417"]
[PlyCount "123"]

1. d4 Nf6 2. c4 c5 3. d5 b5 4. cxb5 a6 5. bxa6 g6 6. Nc3 Bg7
7. e4 O-O 8. Nf3 Qa5 9. Bd2 Bxa6 10. Be2 Qb4 11. Bxa6 Nxa6
12. Qe2 d6 13. Rb1 Rfb8 14. O-O Nd7 15. Rfc1 Nc7 16. b3 Qa3
17. Rc2 Qa6 18. Qe3 Nb5 19. Nxb5 Qxb5 20. Bc3 Bxc3 21. Qxc3
Nf6 22. Nd2 Ra7 23. f3 Nd7 24. Nc4 Nb6 25. Ne3 Nd7 26. Ng4 f6
27. h4 h5 28. Nf2 Ne5 29. f4 Ng4 30. Nxg4 hxg4 31. f5 Qb4
32. Qe3 gxf5 33. exf5 Qd4 34. Qxd4 cxd4 35. Rd1 Rb4 36. Rc4
Rb5 37. Rcxd4 Rxa2 38. Rxg4+ Kf7 39. h5 Ra8 40. Rd3 Rh8
41. Rh4 Kg7 42. Kf2 Kh7 43. Re4 Re8 44. Kf3 Kh6 45. Kf4 Rb7
46. Rde3 Reb8 47. Rxe7 Rxe7 48. Rxe7 Rb4+ 49. Re4 Rxb3 50. g4
Rb5 51. Re8 Kg7 52. Re6 Rxd5 53. h6+ Kxh6 54. Rxf6+ Kg7
55. Kg5 Rd4 56. Re6 d5 57. f6+ Kf7 58. Re7+ Kf8 59. Kf5 Rd1
60. Kg6 Rd4 61. g5 Re4 62. Rh7 1-0

[Event "New Zealand Open"]
[Site "Devonport, Auckland NZL"]
[Date "2016.01.09"]
[EventDate "2016.01.02"]
[Round "8.4"]
[Result "1-0"]
[White "Deimante Daulyte"]
[Black "Nino Maisuradze"]
[WhiteElo "2378"]
[BlackElo "2288"]
[PlyCount "101"]

1. e4 c6 2. Nc3 d5 3. Nf3 Bg4 4. h3 Bxf3 5. Qxf3 e6 6. d4 Nf6
7. e5 Nfd7 8. Qg3 c5 9. dxc5 Nc6 10. Bb5 Nxc5 11. O-O a6
12. Bxc6+ bxc6 13. Be3 Nd7 14. Ne2 Qc7 15. f4 g6 16. c4 Bg7
17. Rac1 Qb7 18. Rc2 O-O 19. Rfc1 Rfc8 20. h4 a5 21. h5 a4
22. hxg6 hxg6 23. c5 Qc7 24. Nd4 Rab8 25. Qg4 Re8 26. Bf2 Rb7
27. Nf3 Reb8 28. Bd4 Rb4 29. a3 Rb3 30. Ng5 Rd3 31. Bf2 Nf8
32. Qe2 Rdb3 33. Bd4 Qb7 34. Nf3 Qb5 35. Qf2 Qa6 36. Bc3 R3b5
37. Qe2 Qa7 38. Bb4 Rc8 39. Nd4 Rbb8 40. b3 axb3 41. Nxb3 f6
42. Nd4 fxe5 43. fxe5 Qe7 44. Re1 Nd7 45. Qg4 Nxe5 46. Qg3 Nc4
47. Nxe6 Re8 48. Rce2 Qf7 49. Nxg7 Kxg7 50. Bc3+ Kg8 51. Qh2
1-0

[Event "New Zealand Open"]
[Site "Devonport, Auckland NZL"]
[Date "2016.01.09"]
[EventDate "2016.01.02"]
[Round "8.5"]
[Result "1-0"]
[White "Aleksei Kulashko"]
[Black "Michael Steadman"]
[WhiteElo "2341"]
[BlackElo "2252"]
[PlyCount "83"]

1. Nf3 e6 2. g3 b6 3. Bg2 Bb7 4. O-O f5 5. d3 Nf6 6. Nbd2 Be7
7. b3 O-O 8. Bb2 c5 9. a4 Qc7 10. Re1 Nc6 11. e4 f4 12. Nc4 d5
13. Nce5 fxg3 14. hxg3 dxe4 15. dxe4 Rad8 16. Qe2 Nd4 17. Qc4
Bd6 18. Nxd4 cxd4 19. Qxc7 Bxc7 20. Nd3 e5 21. f3 Bd6 22. Bh3
Bc8 23. Bxc8 Rxc8 24. Re2 Nd7 25. Kg2 Rc7 26. Rf1 g5 27. Bc1
h6 28. f4 exf4 29. gxf4 gxf4 30. e5 Be7 31. Rxf4 Rfc8 32. Rg4+
Kh7 33. Rxd4 Nf8 34. c4 Ne6 35. Rd5 Bg5 36. Bxg5 hxg5 37. Rf2
Re7 38. Kg3 Nc5 39. Nxc5 bxc5 40. Kg4 Rce8 41. Rf5 Rb8 42. Rd3
1-0

[Event "New Zealand Open"]
[Site "Devonport, Auckland NZL"]
[Date "2016.01.09"]
[EventDate "2016.01.02"]
[Round "8.6"]
[Result "1-0"]
[White "Matthieu Cornette"]
[Black "Ben Hague"]
[WhiteElo "2591"]
[BlackElo "2287"]
[PlyCount "135"]

1. Nf3 c5 2. e4 Nc6 3. Bb5 d6 4. O-O Bd7 5. Re1 Nf6 6. c3 a6
7. Bc4 Bg4 8. d4 e5 9. d5 Ne7 10. h3 Bd7 11. Nh4 g6 12. f4 Bg7
13. Nf3 b5 14. fxe5 dxe5 15. Bf1 Nh5 16. g4 Nf4 17. Bxf4 exf4
18. Qd2 O-O 19. Qxf4 f5 20. gxf5 gxf5 21. Nbd2 Rf6 22. Bg2
fxe4 23. Qxe4 Ng6 24. Qe3 Qf8 25. Ne4 Rf5 26. Nxc5 Bh6 27. Qf2
Rd8 28. Ne6 Bxe6 29. dxe6 Rd3 30. Qa7 Rfxf3 31. e7 Nxe7
32. Qxe7 Be3+ 33. Rxe3 Rdxe3 34. Qg5+ Kh8 35. Bxf3 Rxf3
36. Qe5+ Kg8 37. Re1 Rf6 38. Qd5+ Kh8 39. Qd4 Kg8 40. Re2 Rf1+
41. Kh2 Qb8+ 42. Kg2 Qf8 43. Rf2 Rxf2+ 44. Qxf2 Qh6 45. a3 Qe6
46. Kg3 Qg6+ 47. Kh2 Qe6 48. Qf3 Qb3 49. Qg2+ Kf7 50. Kg3 Kf6
51. Qf3+ Kg6 52. Qe2 a5 53. Kg4 Qd5 54. Qe8+ Kg7 55. Qe7+ Kg6
56. Qe8+ Kg7 57. Qe2 Kg6 58. Kg3 h5 59. Qe8+ Kg5 60. Qe3+ Kg6
61. Qb6+ Kf5 62. Qe3 Qd6+ 63. Kg2 a4 64. Qf3+ Kg5 65. Qe3+ Kf5
66. Qe2 Kf4 67. Qf1+ Ke4 68. Qe1+ 1-0

[Event "New Zealand Open"]
[Site "Devonport, Auckland NZL"]
[Date "2016.01.09"]
[EventDate "2016.01.02"]
[Round "8.7"]
[Result "0-1"]
[White "Leonard J McLaren"]
[Black "Scott Wastney"]
[WhiteElo "2236"]
[BlackElo "2345"]
[PlyCount "94"]

1. e4 e5 2. Nf3 Nc6 3. Nc3 Nf6 4. g3 d5 5. exd5 Nxd5 6. Bg2
Bc5 7. O-O O-O 8. d3 Nxc3 9. bxc3 Bb6 10. a4 a5 11. Nd2 Be6
12. Ba3 Re8 13. Ne4 f5 14. Nc5 Bxc5 15. Bxc5 Bd5 16. Bh3 b6
17. Be3 Ne7 18. c4 Bc6 19. f4 exf4 20. Bxf4 Qd4+ 21. Rf2 Ng6
22. Bxc7 Ra7 23. c3 Qe3 24. Bxb6 Qxb6 25. d4 Be4 26. c5 Qe6
27. Qf1 Ne7 28. c4 Qc6 29. Rb2 Rd8 30. Rb6 Qc7 31. Qf2 Nc6
32. d5 Ne5 33. d6 Qf7 34. Bg2 Qxc4 35. Rb5 Rad7 36. Qd2 Nd3
37. Qa2 Qxa2 38. Rxa2 Rc8 39. Rc2 Bxg2 40. Rxg2 Rxc5 41. Rd2
Rxb5 42. axb5 Ne5 43. Rd5 Nc4 44. Rc5 Nxd6 45. b6 Kf7 46. Rxa5
Ke6 47. Ra7 Rb7 0-1